Návrh stratégie marketingovej komunikácie v konkrétnej firme diplomová práca

Gespeichert in:
Bibliographische Detailangaben
1. Verfasser: Brušková, Barbora, 1996-
Körperschaft: Obchodná fakulta EU. Katedra marketingu
Weitere Verfasser: Korčoková, Marína, 1970-
Format: Buch
Sprache:Slowakisch
Veröffentlicht: Bratislava 2020
Tags: Tag hinzufügen
Keine Tags, Fügen Sie das erste Tag hinzu!

MARC

LEADER 00000nbm a2200000 4500
001 0266306
005 20201006134221.6
041 0 |a slo 
044 |a SK 
245 1 0 |a Návrh stratégie marketingovej komunikácie v konkrétnej firme  |b diplomová práca  |c Barbora Brušková ; školiteľ: Marína Korčoková 
264 1 |a Bratislava  |c 2020 
300 |a 102 s. 
100 1 |a Brušková, Barbora, 1996- 
700 1 |a Korčoková, Marína, 1970- 
710 2 |a Obchodná fakulta EU. Katedra marketingu